| 000 | 00525nam a2200181Ia 4500 | ||
|---|---|---|---|
| 999 |
_c3665 _d3665 |
||
| 003 | OSt | ||
| 005 | 20200812142548.0 | ||
| 008 | 190216s9999||||xx |||||||||||||| ||und|| | ||
| 020 | _a9788187134534 | ||
| 040 | _coclc | ||
| 082 |
_a547 _bTEW/A |
||
| 100 |
_aTewari, Nimai _94075 |
||
| 245 | 0 |
_aAdvanced Organic Reaction Mechanism / _cNimai Tewari |
|
| 260 |
_bBooks And Allied Pvt Ltd, _c2012. _aKolkata: |
||
| 300 | _a1135p | ||
| 650 | _aChemistry-Chemistry | ||
| 942 |
_cBK _2ddc _h547 _iTEW/A _k547 _mTEW/A |
||